Регионална библиотека "Любен Каравелов" - Русе

Слепият убиец (Запис номер 35052)

MARC детайли
000 -Лидер
Контролно поле с фиксирана дължина 01292nam a2200325 c 4500
003 - Код на организацията, давaща контролен номер
Контролно поле BLK
005 - Дата и час на последна редакция
Контролно поле 20250707131601.0
008 - Елементи от данни с фиксирана дължина
fixed length control field 180408b bul|||||r ||||||| ||bul||
010 ## - Наследен системен номер
LC control number KNG00037766000
020 ## - Международен стандартен номер на книга ISBN
Международен стандартен номер на книга ISBN 954-769-014-0
-- издат.: Обсидиан
040 ## - Източник на каталожния запис
Идентификатор на билиотеката - собственик на записа BLK
041 ## - Код за език
Код за езика на текст/звукозапис или на отделно заглавие Български
Код за езика КДБФ Български
080 ## - УДК
Текстов определител УДК Англоканадска литература
УДК код - определител по УДК 821.111(71)
УДК определител -31
УДК - код + определител 821.111(71)-31
100 1# - Редна дума - Автор
Автор Атууд, Маргарет
Авторска отговорност първи автор
R(LIN) 34782
139 ## - Редно поле
Редна дума Атууд, Маргарет
Авторски знак Ат - А 93
245 10 - Сведения за заглавието
Заглавие Слепият убиец
Подзаглавни данни Роман
Редно поле (дума) Маргарет Атууд; прев. от англ. Здравка Атанасова Славянова.
257 ## - Страна на издаване
Страна на създаване/издаване Канада
260 ## - Област на издателските данни
-- София
Име на издателя, разпространителя и проч. Обсидиан
Година на издаване 2001
Печатница София : Балкан прес
300 ## - Физическа характеристика
Страници 512 с.
Размери/Мащаб 20 см
380 ## - Жанр
Жанр Худож. лит.
500 ## - Общи забележки
Забележка Ориг. загл. The Blind Assassin / Margaret Atwood.
653 ## - Ключова дума – ненормативна
Ключова дума романи
700 1# - Други автори (авторска отговорност)
Лично име Славянова, Здравка Атанасова
Автороска отговорност (Описва отношението между автора и произведението) прев. от англ.
9 (RLIN) 121440
852 ## - Местоположение
Форматна сигнатура Цб 209876
856 4# - Електронен адрес и достъп
Електронен формат pdf - файл
Път до файла /url/
856 4# - Електронен адрес и достъп
Електронен формат pdf - файл
Път до файла /url/
942 ## - АРТИКУЛИ
Вид на библиотечния материал Книги
Скрит в OPAC Не
Koha issues (borrowed), all copies 36
944 ## - СЪЗДАВАНЕ И РЕДАКЦИЯ на ЗАПИСА
Създаване/Редакция Създаване
Дата на регистрацията/редакция 15.01.2003
Статус, дата на статуса Виолета Тройчева
Служител, извършил регистрацията/редакцията 30552
944 ## - СЪЗДАВАНЕ И РЕДАКЦИЯ на ЗАПИСА
Създаване/Редакция Редакция
Дата на регистрацията/редакция 02.07.2015
Статус, дата на статуса ф /
Служител, извършил регистрацията/редакцията Людмила_Стоянова
999 ## - СИСТЕМНИ КОНТРОЛНИ НОМЕРА
Koha biblionumber 35052
Koha biblioitemnumber 35052
Наличности
Код за отписване Код за изгубен артикул Източник на класификационната схема Код за повреда Коз за рестрикции Код за отдаване Артикулен № Име на библиотеката - собственик Име на библиотеката, в която се намира в момента Статус (Текущо местоположение) Дата на вписване в системата Местоположение - отдел Цена в лева Инвентарен номер Систематично азбучна сигнатура Баркод Номер на екземпляра Цена в евро Служебна бележка Служебен тип на артикула
Изтеглен Не е изгубен Universal Decimal Classification Не е повреден без рестрикции заемане за дома 55458 Регионална библиотека "Любен Каравелов" Русе Регионална библиотека "Любен Каравелов" Русе Заемна - подръчен фонд 2001-01-01 Заемна - подръчен фонд 9.00 667173 П 820(71)-31/А 93 667173 1 4.60 Дост: Pk Вид: Ф N: стар фонд Дата: 01.01.2001 Дата инв: 14.02.2018 Бележки инв: П2018 Книги
  Не е изгубен   Не е повреден без рестрикции ползва се в читалня 55459 Регионална библиотека "Любен Каравелов" Русе Регионална библиотека "Любен Каравелов" Русе Хранилище 2002-09-10 Хранилище 9.00 120000671961 Цб 209876 120000671961 2 4.60 Дост: Dp Вид: Д N: 7 Дата: 05.02.2002 Книги
  Не е изгубен Universal Decimal Classification Не е повреден без рестрикции заемане за дома 55460 Регионална библиотека "Любен Каравелов" Русе Регионална библиотека "Любен Каравелов" Русе Заемна - подръчен фонд 2015-06-30 Заемна - подръчен фонд 9.00 120000789503 П 820(71)-31/А 93 120000789503 3 4.60 Дост: DA Вид: А N: 10 Дата: 30.06.2015 Дата инв: 14.02.2018 Бележки инв: П2018 Книги
Vip Innovations Ltd, Rousse, Bulgaria 2025